00769nam a2200253 a 4500001001300000003000900013005001700022008004100039020002300080082001700103100001400120245007900134260003900213300000900252500003500261505001000296650002600306650001900332700001400351902000800365942000700373952011800380999001700498nice12345678IN_TiNIC20260116013229.0050524s1978 dela grp 000 0 eng  a8120870 c40000a294.595bBHA aBhat, M S aVedic Tantrismb A Study of Rgvidhana of Saunaka With Text and Tranalation aDelhi bMotilal Banarsidass c1978 a437p aincludes index and biblioraphy2 aIndex aRgvidhana of Saunnaka aTantrism-Vedic1 aBhat, M S bSRS cBK 001040708StackRoom-aHMIbHMId2007-07-26g400.00l0o294.595 BHAp018731r2007-07-26v400.00w2005-05-24yBK c10204d10204